000 00524nam a22001937a 4500
003 OSt
005 20160412153824.0
008 160412b xxu||||| |||| 00| 0 eng d
020 _a0870514032
040 _cDDC.
082 _a658.4012 FAH 2002.
100 _aFahy,Martin;
_97733
245 _aStrategic Enterprise Management System.
260 _aLondon.
_bAICPA CIMA.
_c2002.
300 _axiv,202p;
_bill;
_c22cm.
504 _aincludes bibliography and index.
650 _aEnterprenuership;
_97734
942 _2ddc
_cSLOAN
999 _c3461
_d3461